Statistiques concernant Devinez le Pays Mystère #21

Cliquez ici pour prendre le quiz!

Statistiques générales

  • Ce quiz a été pris 607 fois
    (577 depuis la dernière actualisation)
  • Le résultat moyen est 9 sur 11

Statistiques - réponses

Type de RéponseRéponse% Correct
Lettre TrouvéeA
96%
Lettre TrouvéeN
95%
Lettre TrouvéeH
88%
Lettre Bien PlacéeH
87%
Lettre Bien PlacéeN
85%
Lettre TrouvéeG
80%
Lettre Bien PlacéeG
79%
Lettre TrouvéeA
78%
Lettre Bien PlacéeA
77%
Lettre Bien Placée
A
75%
Pays MystèreGhana
75%

Distribution des résultats

Percentile par nombre de réponses

% des personnes avec chaque résultat

Votre développement - résultats

Vous n’avez pas pris ce quiz depuis la dernière actualisation